000 03966nam a22003137i 4500
001 TCPA 77
003 gtcocun
005 20250902213958.0
006 a||||gr|||| 00| 0
008 250902b2019 gt ||||| m||| 00| 0 eng d
040 _agtcocun
_bSPA
_cgtcocun
_eRDA
041 _aSPA
084 _0TCPA 77
100 _aTiul Can, Carlos Enrique
_eAutor
245 _aInforme final del Ejercicio Profesional Supervisado, realizado en Uniformes DCN, ubicado en Cobán, Alta Verapaz/
_cTiul Can, Carlos Enrique
_hImpreso
264 _aCobán, Alta Verapaz:
_bUniversidad de San Carlos de Guatemala, Centro Universitario del Norte, Licenciatura en Contaduría Pública y Auditoría.
_c2019
300 _a59 p.:
_bIlustraciones, gráficas.
_c28 cm; PDF
336 _2rdacontenido
_aTexto
_btxt
337 _2rdamedio
_aComputadora
_bn
338 _2rdasoporte
_aCódigo en línea
_bcr
502 _eTCPA 77
502 _aTesis de grado
_bLicenciatura en Contaduría Pública y Auditoría.
_cUniversidad de San Carlos de Guatemala, Centro Universitario del Norte, Licenciatura en Contaduría Pública y Auditoría.
_d2019
_oTCPA 77
520 1 4 _aLa Universidad de San Carlos de Guatemala que brinda la oportunidad de estudio a través del Centro Universitario del Norte (CUNOR) en el que ofrece la licenciatura en Contaduría Pública y Auditoria y como parte del pensum de estudios incluye la última etapa denominada ejercicio profesional supervisado, desarrollado en la empresa Uniformes DCN, la cual se dedica a la confección de uniformes escolares, empresariales y trajes deportivos en la región. Al realizar el ejercicio profesional supervisado se elaboró un diagnóstico como primera etapa en la que se determina la situación de la empresa, reflejando las siguientes actividades, la actualización contable de los años, 2012, 2013, 2014 y 2015, la implementación de un sistema que determine el costo de fabricación de los productos que permitan llevar el control de inventarios; como tercera actividad encontramos la implementación de un manual contable, verificación al deber formal, inscripción de los trabajadores ante el IGSS e integración de los activos en los estados financieros, realizando una jerarquización de los problemas que afectan a la empresa, para implementar acciones en forma sistemática. La segunda etapa comprende la solución de los problemas los cuales son los mencionados con anterioridad, este se logra gracias a la colaboración del propietario, a la información proporcionada, planificando cada etapa, de donde, como y cuando se implementan los distintos tipos de instrumentos, los mismos fueron elaborados con base a entrevistas dirigida a los empleados que justifica y da soporte a las transacciones que realiza la empresa. En la tercera etapa se ejecutan los resultados obtenidos de acuerdo al plan de trabajo, para la implementación de acciones y controles; erradicando los problemas y deficiencias que la empresa posee. En esta etapa se actualizaron los registros contables, la implementación de un sistema contable, que brinde apoyo para la determinación de los costos de fabricación de los productos que comercializa, la verificación al deber formal, la rectificación del Impuesto Sobre Renta, Impuesto Al Valor Agregado para evitar que la empresa tenga inconvenientes ante la Superintendencia de Administración Tributaria, la inscripción de los trabajadores ante el Instituto Guatemalteco de Seguridad Social para que lo sueldos sean deducibles al Impuesto Sobre la Renta.
650 1 _2LEMB
_aCobán Alta Verapaz
_xreestructuración,
_xinformática,
_xcosto de fabricacion
_xmanual contable
700 _aLic. José Alfonso Barrios Figueroa
_eAsesor
856 _uhttps://drive.google.com/file/d/1vQS7j2sBab40SdxM7VPU_ogPNq2wBOEU/view?usp=sharing
_yPDF
_zUn ejemplar en línea.
942 _2ddc
_cTES
_iTCPA 77
_kClasificación
_n0
_6TCPA_77_000000000000000
999 _c1625
_d1625